| 000 | 00537nam a2200217Ia 4500 | ||
|---|---|---|---|
| 003 | OSt | ||
| 005 | 20250829095322.0 | ||
| 008 | 210210b2011 xxu||||| |||| 00| 0 eng d | ||
| 020 | _a9780763779931 | ||
| 040 | _cAL | ||
| 041 | _aeng | ||
| 082 | _a575.1 HARE | ||
| 100 |
_aDaniel L Hartl _9237493 |
||
| 245 |
_aEssential genetics _b: a genomics perspective Ed 5 |
||
| 250 | _a5 | ||
| 260 |
_aBoston _bJones & Bartlett Publishers _c2011 |
||
| 300 | _axxiv,575p | ||
| 690 |
_aGenetics _9237494 |
||
| 906 | _a065287 | ||
| 942 |
_2ddc _cBK |
||
| 999 |
_c142475 _d142475 |
||